Pays avec la plus grande variété de fromages - Statistiques

Statistiques générales
  • Ce quiz a été pris 105 fois
  • Le résultat moyen est 8 sur 9
Statistiques - réponses
Hint Réponse % Correct
(1 200 à 1 600 variétés) France
100%
(200+ variétés) Espagne
96%
(2 500+ variétés) Italie
96%
(600+ variétés) Etats-Unis
91%
(450+ variétés) : Suisse
90%
(150+ variétés) Allemagne
88%
(700+ variétés) Royaume-Uni
87%
(100+ variétés) Pays-Bas
82%
(100+ variétés) Grèce
61%
Aucun quiz correspondant
Distribution des résultats
% des personnes avec chaque résultat
Percentile par nombre de réponses
Votre historique - résultats
Vous n’avez pas pris ce quiz